LIBRARY & INFORMATION CENTRE, KCAET, TAVANUR

ONLINE PUBLIC ACCESS CATALOGUE (OPAC)

Normal view MARC view
  • Sanchu Sukumaran

Entry Personal Name

Number of records used in: 2

001 - CONTROL NUMBER

  • control field: 4686

003 - CONTROL NUMBER IDENTIFIER

  • control field: OSt

005 - DATE AND TIME OF LATEST TRANSACTION

  • control field: 20200824115247.0

008 - FIXED-LENGTH DATA ELEMENTS

  • fixed length control field: 200824|| aca||aabn | a|a d

040 ## - CATALOGING SOURCE

  • Original cataloging agency: OSt
  • Transcribing agency: OSt

100 ## - HEADING--PERSONAL NAME

  • Personal name: Sanchu Sukumaran

670 ## - SOURCE DATA FOUND

  • Source citation: Work cat.: (OSt): Arunima, P. G Shana Sherin, C. P Shijil, M Varun Raveendranathan 4685, Design of self-propelled variable rate paddy seeder, 2020
free website counter